La situación política /
Lucha de tendencias en el PUSC, donde triunfó R.A. Calderón. De la posición de dicho partido en el ámbito nacional y de sus planteamientos (entre ellos el de "justicia social") SM/agv
Guardat en:
| Autor principal: | |
|---|---|
| Format: | Text |
| Matèries: | |
| Etiquetes: |
Afegir etiqueta
Sense etiquetes, Sigues el primer a etiquetar aquest registre!
|
MARC
| LEADER | 00000 a a2200000 04500 | ||
|---|---|---|---|
| 001 | 3976 | ||
| 003 | |||
| 040 | |||
| 100 | |a Rojas Bolaños, Manuel | ||
| 245 | |a La situación política / |c Manuel Rojas Bolaños | ||
| 520 | |a Lucha de tendencias en el PUSC, donde triunfó R.A. Calderón. De la posición de dicho partido en el ámbito nacional y de sus planteamientos (entre ellos el de "justicia social") SM/agv | ||
| 650 | |a ASPECTOS POLITICOS | ||
| 650 | |a POLITICA NACIONAL | ||
| 650 | |a PARTIDOS POLITICOS | ||
| 650 | |a ELECCIONES | ||
| 650 | |a PARTIDO UNIDAD SOCIAL |z -CRISTIANA, CR | ||
| 650 | |a PARTIDO LIBERACION NACIONAL, CR | ||
| 650 | |a COMUNISMO | ||
| 773 | |g número 28; páginas 1-7 | ||
| 999 | |c 29965 |d 29965 | ||
